Miasta w Indiach - Quiz na mapie - Statystyki

Ogólne statystyki
  • Ten quiz został rozwiązany 421 razy
  • Średni wynik to 5 z 12
Odpowiedzi na mapie
Odpowiedzi zakodowano w zielono-czerwonej skali na mapie do tego quizu, zgodnie z poniższymi procentami.
 
Statystyki odpowiedzi
Odpowiedź % Poprawnych
Delhi
78%
Mumbaj
69%
Kolkata
68%
Port Blair
43%
Ćennaj
39%
Bengaluru
33%
Hajdarabad
32%
Ahmedabad
31%
Thiruvananthapuram
31%
Lucknow
29%
Amritsar
27%
Patna
25%
Nie znaleziono quizów pasujących do podanych kryteriów
Rozkład punktacji
Procent ludzi z każdym wynikiem
Percentyl według liczby udzielonych odpowiedzi
Twoja historia wyników
Nie rozwiązałeś tego quizu